Football Féminin – Joueuses passées par l’OL - Statistiques

Statistiques générales
  • Ce quiz a été pris 222 fois
  • Le résultat moyen est 6 sur 16
Answers on the Grid
Answers color-coded by a green-red scale on the quiz's grid according to % correct below.
Ada Hegerberg
Shirley Cruz
Lotta Schelin
Louisa Nécib
Claire Lavogez
Lucy Bronze
Pernille Harder
Alexandra Popp
Homare Sawa
Kenza Dali
Gaëtane Thiney
Melanie Behringer
Eugénie Le Sommer
Alex Morgan
Alexia Putellas
Jill Roord
Hope Solo
Kerolin
Lia Wälti
Sakina Karchaoui
Cristiana Girelli
Hayley Raso
Caroline Seger
Megan Rapinoe
Marta
Jordyn Huitema
Estefanía Banini
Jéssica Silva
Maëlle Lakrar
Alex Greenwood
Sandy Baltimore
Elodie Thomis
 
Statistiques - réponses
Réponse % Correct
Ada Hegerberg
94%
Lucy Bronze
71%
Eugénie Le Sommer
66%
Louisa Nécib
51%
Alex Morgan
43%
Lotta Schelin
42%
Sakina Karchaoui
42%
Kenza Dali
38%
Megan Rapinoe
34%
Alex Greenwood
29%
Elodie Thomis
27%
Jéssica Silva
19%
Shirley Cruz
16%
Claire Lavogez
15%
Caroline Seger
12%
Hope Solo
11%
Aucun quiz correspondant
Distribution des résultats
% des personnes avec chaque résultat
Percentile par nombre de réponses
Votre historique - résultats
Vous n’avez pas pris ce quiz